000 00555nam a2200205Ia 4500
003 OSt
005 20240912102839.0
008 220927b |||||||| |||| 00| 0 eng d
020 _a0415283280
040 _aSDCL
_cSDCL
_beng
041 _2eng
_aeng
082 _aRxJ88:g P5
100 _aMartinich, A. P.
_9426721
245 0 _aHobbes.
260 _aNew York:
_bRoutledge,
_c2005.
300 _aix,261p.
_ccm.
490 _aRoutledge publishers.
942 _hRxJ88:g P5
_cTEXL
_2CC
999 _c743644
_d743644